00207nam a2200085Ia 4500008004100000100001500041245003400056260002200090260000900112180219s9999 xx 000 0 und d aSharma S R 0aMathods Of Education Research aAnmal Publication c2010